000 00431nam a2200181Ia 4500
001 528
005 20260306140524.0
008 260306t2004||||xx |||||||||||||| ||spa||
041 _aESP
082 _a123.5
_bF11A
100 _aFabro, Cornelio
_eAUT
245 0 _aLa prima riforma della dialettica hegeliana
260 _c2004
300 _a255 páginas :
_c24 cm.
650 _aGEN
654 _aCHU
942 _cLIB
_dJUS
_fJUS
_2ddc
_n
999 _c528
_d528